000 00909nam a2200229Ii 4500
003 JO-AjNU
008 230605s9999||||xx |||||||||||||| ||und||
017 _a2011/12/2395
020 _a978-1-56564-456-4
040 _aJO-AjNU
_bara
_erda
_cJO-AjNU
041 _aara
050 1 4 _aB745.2011
100 3 _aملكاوي ،فتحي حسن ,
_eauthor
_945574
245 0 0 _aمنهجية التكامل المعرفي :مقدمات في المنهجية الإسلامية
250 _aط1
264 3 1 _aفرجينيا:المعهد العالمي للفكر الاسلامي ،2011
300 _a335ص
_bيشتمل على كشاف من 331-335 ص
336 _atext
_btxt
_2rdacontent
337 _aunmediated
_bn
_2rdamedia
338 _avolume
_bnc
_2rdacarrier
650 4 _aالمنهجية الاسلامية-الوعي المنهجي-القيم المنهجية-المدارس المنهجية
_945575
999 _aA19766
_c23334
_d23334